000
00344pab a2200145 454500
008
180718b1997 xxu||||| |||| 00| 0 eng d
100
_a
Oberoi, Narendra Kumar
245
_a
The Rastogi report: requiem for the academia
260
_c
1997
300
_a
p.10
362
_a
16 Oct
650
_a
Education
773
_a
Tribune
909
_a
36482
999
_c
36482
_d
36482